[Event "Guernsey Open 2011"]
[Site "Guernsey, Channel Islands"]
[Date "2011.10.22"]
[Round "7"]
[White "Norman, Kenneth I"]
[Black "Goris, Ton"]
[Result "1-0"]
[WhiteElo "2160"]
[BlackElo "1993"]
[PlyCount "89"]
[EventDate "2011.10.16"]
[SourceDate "2011.11.07"]

1. Nf3 Nf6 2. c4 g6 3. d4 Bg7 4. g3 d5 5. cxd5 Nxd5 6. Bg2 O-O 7. O-O Nc6 8.
Nc3 Nb6 9. e3 Bg4 10. h3 Bxf3 11. Qxf3 e6 12. Rd1 Qe7 13. Qe2 Rfd8 14. b3 Rab8
15. Bb2 a6 16. Bxc6 bxc6 17. Qxa6 c5 18. dxc5 Qxc5 19. Rac1 Bxc3 20. Rxd8+ Rxd8
21. Bxc3 Ra8 22. Qe2 Nd5 23. Bb2 Qd6 24. a4 Rb8 25. e4 Nb4 26. Rd1 Qc6 27. Qd2
e5 28. Bxe5 f6 29. Bb2 Qxe4 30. Bxf6 Qf5 31. Bc3 Nc6 32. b4 Rd8 33. Qa2+ Kf8
34. Rxd8+ Nxd8 35. Qd2 Ne6 36. h4 Ke8 37. Qe3 Kf7 38. Kg2 Ke8 39. Qe5 Qf7 40.
a5 Kd7 41. a6 Qe8 42. Qd5+ Ke7 43. b5 Qf7 44. Bb4+ Ke8 45. Qc6+ 1-0

[Event "Guernsey Open 2011"]
[Site "Guernsey, Channel Islands"]
[Date "2011.10.22"]
[Round "7"]
[White "Chernoff, John"]
[Black "Spanton, Timothy"]
[Result "1-0"]
[WhiteElo "2140"]
[BlackElo "1980"]
[PlyCount "53"]
[EventDate "2011.10.16"]
[SourceDate "2011.11.07"]

1. e4 e5 2. Nc3 Nf6 3. Bc4 Nc6 4. d3 Bc5 5. f4 d6 6. Nf3 Ng4 7. f5 Nf2 8. Qe2
Nxh1 9. Ng5 Rf8 10. Qh5 Bf2+ 11. Kf1 Qd7 12. Be6 Qe7 13. Nd5 g6 14. Qxh7 fxe6
15. Qxg6+ Kd8 16. Nxe7 Nxe7 17. Nxe6+ Bxe6 18. Qxe6 Bh4 19. Qh6 Kd7 20. Qxh4
Rh8 21. Qg4 Rag8 22. Bg5 Kc6 23. Kg1 Nf2 24. Kxf2 Rxh2 25. d4 b6 26. dxe5 dxe5
27. f6 1-0

[Event "Guernsey Open 2011"]
[Site "Guernsey, Channel Islands"]
[Date "2011.10.22"]
[Round "7"]
[White "Heppell, Ian"]
[Black "Hamperl, Fred A"]
[Result "1/2-1/2"]
[WhiteElo "2132"]
[BlackElo "2098"]
[PlyCount "61"]
[EventDate "2011.10.16"]
[SourceDate "2011.11.07"]

1. e4 c5 2. Nf3 Nc6 3. c3 e6 4. d4 d5 5. exd5 exd5 6. Bb5 Bd6 7. O-O Nge7 8.
dxc5 Bxc5 9. Nbd2 O-O 10. Nb3 Bb6 11. Re1 Bg4 12. h3 Bh5 13. Be3 Bxe3 14. Rxe3
Qd6 15. Be2 Rad8 16. Nfd4 Bg6 17. Bd3 Rfe8 18. Bxg6 Nxg6 19. Nxc6 bxc6 {(=)}
20. Qd4 Rxe3 21. Qxe3 Qe7 22. Qxe7 Nxe7 23. Re1 Kf8 24. Kf1 Nf5 25. g4 Nd6 26.
Nc5 Nc4 27. b3 Nd6 28. Ke2 Re8+ 29. Kd2 Rxe1 30. Kxe1 Ke7 31. Ke2 1/2-1/2

[Event "Guernsey Open 2011"]
[Site "Guernsey, Channel Islands"]
[Date "2011.10.22"]
[Round "7"]
[White "Dijksterhuis, Rolf"]
[Black "Thurlow, Kevin J"]
[Result "1/2-1/2"]
[WhiteElo "1998"]
[BlackElo "2033"]
[PlyCount "146"]
[EventDate "2011.10.16"]
[SourceDate "2011.11.07"]

1. d4 Nf6 2. Nf3 e6 3. g3 b6 4. Bg2 Bb7 5. O-O Be7 6. c4 d5 7. Ne5 O-O 8. Nc3
c6 9. cxd5 cxd5 10. Bg5 Nfd7 11. Bxe7 Qxe7 12. Nxd7 Nxd7 13. Qd2 Rfc8 14. Rfc1
a6 15. e3 b5 16. Ne2 Nb6 17. b3 a5 18. Nf4 a4 19. Nd3 Nd7 20. Qb4 Qe8 21. Rxc8
Bxc8 22. Rc1 axb3 23. axb3 Nb8 24. Qxb5 Bd7 25. Qb4 Nc6 26. Qc3 Ne7 27. Nc5 Bb5
28. Ra1 Nf5 29. Ra5 Nd6 30. Qa1 Rb8 31. Qa3 Be2 32. Qa2 Bb5 33. Bf1 Bxf1 34.
Kxf1 f6 35. Qa4 Qxa4 36. Rxa4 Ne4 37. Nxe4 dxe4 38. b4 Kf7 39. Ke2 Ke7 40. Kd2
g5 41. h3 Rb7 42. Kc3 Rc7+ 43. Kb2 f5 44. Ra5 h5 45. Re5 Kd6 46. Rc5 Rh7 47. b5
h4 48. gxh4 Rxh4 49. b6 Rh7 50. Kc3 Rb7 51. Rb5 Kc6 52. Kc4 Rxb6 53. Rxb6+ Kxb6
54. d5 Kc7 55. Kc5 Kd7 56. d6 f4 57. Kd4 fxe3 58. fxe3 Kxd6 59. Kxe4 Kd7 60.
Ke5 Ke7 61. Ke4 Kf6 62. Kf3 Kf5 63. e4+ Kf6 64. Kg3 Ke5 65. Kg4 Kxe4 66. Kxg5
Kf3 67. h4 e5 68. h5 e4 69. h6 e3 70. h7 e2 71. h8=Q e1=Q 72. Qh3+ Qg3+ 73.
Qxg3+ Kxg3 1/2-1/2

[Event "Guernsey Open 2011"]
[Site "Guernsey, Channel Islands"]
[Date "2011.10.22"]
[Round "7"]
[White "Gravett, Alan D"]
[Black "Prins, Jan"]
[Result "1/2-1/2"]
[WhiteElo "1925"]
[BlackElo "2051"]
[PlyCount "45"]
[EventDate "2011.10.16"]
[SourceDate "2011.11.07"]

1. g3 d5 2. Nf3 c6 3. Bg2 Bf5 4. d3 e6 5. O-O Nf6 6. Nbd2 Bc5 7. Ne5 Nbd7 8.
Nxd7 Qxd7 9. c3 h5 10. Nf3 Bd6 11. Bg5 Nh7 12. Bd2 f6 13. Nh4 g5 14. Nxf5 exf5
15. e4 dxe4 16. dxe4 O-O-O 17. exf5 Bxg3 18. hxg3 Qxd2 19. Qa4 Rhe8 20. Qxa7 g4
21. Qa4 Ng5 22. Bxc6 bxc6 23. Qxc6+ 1/2-1/2

[Event "Guernsey Open 2011"]
[Site "Guernsey, Channel Islands"]
[Date "2011.10.22"]
[Round "7"]
[White "Burton, Ronnie"]
[Black "De Kruif, Kees"]
[Result "1/2-1/2"]
[WhiteElo "2024"]
[BlackElo "1953"]
[PlyCount "54"]
[EventDate "2011.10.16"]
[SourceDate "2011.11.07"]

1. e4 c5 2. d3 d6 3. f4 e5 4. Nf3 Nc6 5. Be2 Be7 6. O-O Nf6 7. Nc3 Bg4 8. Kh1
Qd7 9. Be3 exf4 10. Bxf4 O-O 11. Qd2 Rae8 12. Rae1 a6 13. a4 Bd8 14. Bg5 Nh5
15. Bxd8 Rxd8 16. Nd5 f5 17. exf5 Rxf5 18. Ne3 Rff8 19. Nxg4 Qxg4 20. Ng5 Qh4
21. Bxh5 Qxh5 22. Ne6 Rxf1+ 23. Rxf1 Re8 24. Qf4 h6 25. Nc7 Rd8 26. Ne6 Re8 27.
Nc7 Rd8 1/2-1/2

[Event "Guernsey Open 2011"]
[Site "Guernsey, Channel Islands"]
[Date "2011.10.22"]
[Round "7"]
[White "Von Saldern, Rudiger"]
[Black "Brookfield, Toby"]
[Result "1/2-1/2"]
[WhiteElo "2010"]
[BlackElo "1802"]
[PlyCount "46"]
[EventDate "2011.10.16"]
[SourceDate "2011.11.07"]

1. d4 f5 2. g3 Nf6 3. Bg2 e6 4. Bg5 Bb4+ 5. c3 Be7 6. Bxf6 Bxf6 7. e3 O-O 8.
Ne2 d6 9. O-O Qe8 10. Nd2 Nc6 11. e4 e5 12. dxe5 Bxe5 13. exf5 Qh5 14. Nc4 Bxf5
15. Nxe5 Nxe5 16. Nf4 Qxd1 17. Raxd1 Rab8 18. Rfe1 Bg4 19. Rd2 Nf3+ 20. Bxf3
Bxf3 21. Re3 Bc6 22. Rde2 Rbe8 23. Rxe8 Rxe8 1/2-1/2

[Event "Guernsey Open 2011"]
[Site "Guernsey, Channel Islands"]
[Date "2011.10.22"]
[Round "7"]
[White "Hickman, John"]
[Black "Vonhoff, Nils"]
[Result "1/2-1/2"]
[WhiteElo "1975"]
[BlackElo "1751"]
[PlyCount "42"]
[EventDate "2011.10.16"]
[SourceDate "2011.11.07"]

1. Nf3 Nf6 2. g3 g6 3. Bg2 d5 4. O-O Bg7 5. d3 O-O 6. Nbd2 c6 7. e4 e6 8. Re1
Nbd7 9. e5 Ng4 10. d4 Nh6 11. Nf1 Qb6 12. Rb1 Nf5 13. Ne3 Re8 14. Nxf5 exf5 15.
Bf4 Nf8 16. Qd2 Ne6 17. Be3 Qc7 18. Bh6 b5 19. Bxg7 Kxg7 20. b3 Bb7 21. Rbc1
Rac8 1/2-1/2

[Event "Guernsey Open 2011"]
[Site "Guernsey, Channel Islands"]
[Date "2011.10.22"]
[Round "7"]
[White "Carlucci, Paul"]
[Black "Fassaert, Desire"]
[Result "1/2-1/2"]
[WhiteElo "1898"]
[BlackElo "1930"]
[PlyCount "67"]
[EventDate "2011.10.16"]
[SourceDate "2011.11.07"]

1. d4 Nf6 2. Nf3 e6 3. e3 b6 4. Be2 Bb7 5. O-O Be7 6. b3 O-O 7. Bb2 d5 8. Nbd2
c5 9. a3 Nbd7 10. Rc1 Rc8 11. c4 cxd4 12. exd4 dxc4 13. Rxc4 Ba6 14. Rxc8 Qxc8
15. Nc4 Rd8 16. Qb1 Bb7 17. Nfe5 Be4 18. Bd3 Bxd3 19. Nxd3 Nd5 20. Nce5 N7f6
21. Rc1 Qb7 22. Nc6 Rc8 23. Nxe7+ Nxe7 24. Ne5 Ned5 25. g3 Rc7 26. Qd3 Qc8 27.
Rc4 Ne8 28. a4 Nd6 29. Rxc7 Qxc7 30. Nc4 Nf5 31. Bc1 h6 32. Bd2 Qc6 33. Ne5 Qc7
34. Nc4 1/2-1/2

[Event "Guernsey Open 2011"]
[Site "Guernsey, Channel Islands"]
[Date "2011.10.22"]
[Round "7"]
[White "Van der Sanden, Martien"]
[Black "Reijneveld, Ad"]
[Result "0-1"]
[WhiteElo "1853"]
[BlackElo "2172"]
[PlyCount "80"]
[EventDate "2011.10.16"]
[SourceDate "2011.11.07"]

1. e4 c5 2. Nf3 g6 3. d4 cxd4 4. Nxd4 Bg7 5. c4 Nf6 6. Nc3 Nc6 7. Be3 Ng4 8.
Qxg4 Nxd4 9. Qd1 e5 10. Nb5 O-O 11. Bd3 Nxb5 12. cxb5 d5 13. O-O d4 14. Bd2 Be6
15. Qa4 Qd7 16. Rfc1 a6 17. a3 f5 18. f3 Rfd8 19. Qa5 axb5 20. Qxb5 Qxb5 21.
Bxb5 Rdc8 22. Kf2 Kf7 23. Ke2 Bf8 24. b4 Rxc1 25. Rxc1 Rxa3 26. Rc7+ Kf6 27.
Rxb7 fxe4 28. fxe4 Bg4+ 29. Ke1 Ra1+ 30. Kf2 Ra2 31. Ke1 Ra1+ 32. Kf2 Rd1 33.
Be1 Bh6 34. Bc6 Bh5 35. Bd5 Be3+ 36. Kg3 Rxe1 37. Rf7+ Kg5 38. h4+ Kh6 39. Kh3
Rh1+ 40. Kg3 Bf4+ 0-1

[Event "Guernsey Open 2011"]
[Site "Guernsey, Channel Islands"]
[Date "2011.10.22"]
[Round "7"]
[White "Casiot, David J"]
[Black "Morcom, Hugh"]
[Result "0-1"]
[WhiteElo "2125"]
[BlackElo "1955"]
[PlyCount "96"]
[EventDate "2011.10.16"]
[SourceDate "2011.11.07"]

1. e4 c5 2. Nf3 d6 3. c3 a6 4. Bd3 g6 5. Bc2 Bg7 6. O-O Nf6 7. Re1 O-O 8. d4
Qc7 9. Nbd2 Nbd7 10. Nf1 b5 11. Bg5 Bb7 12. Qd2 Rac8 13. Rac1 Rfe8 14. Bb1 e5
15. Ng3 Nb6 16. b3 c4 17. b4 exd4 18. Nxd4 Nbd7 19. f4 h6 20. Bh4 Qb6 21. Kh1
Ng4 22. Nf1 Ngf6 23. Ng3 Ng4 24. Nf1 Ngf6 25. Bf2 Qc7 26. Ng3 Re7 27. Re2 Qb8
28. Rce1 Qa8 29. Nf3 Rce8 30. Qxd6 Nf8 31. Ne5 N8d7 32. Bd4 Re6 33. Qc7 Rc8 34.
Qa5 Nxe5 35. Bxe5 Rxe5 36. fxe5 Ng4 37. e6 fxe6 38. e5 Bxe5 39. Ne4 Bxh2 40.
Nf6+ Nxf6 41. Kxh2 Qb8+ 42. g3 Ng4+ 43. Kh3 h5 44. Rxe6 Nf2+ 45. Kh4 g5+ 46.
Kxg5 Qxg3+ 47. Kh6 Qg7+ 48. Kxh5 Bf3+ 0-1

[Event "Guernsey Open 2011"]
[Site "Guernsey, Channel Islands"]
[Date "2011.10.22"]
[Round "7"]
[White "Westerkamp, Bert"]
[Black "Coenen, Albert"]
[Result "1/2-1/2"]
[WhiteElo "2063"]
[BlackElo "1932"]
[PlyCount "32"]
[EventDate "2011.10.16"]
[SourceDate "2011.11.07"]

1. d4 d5 2. Nf3 Nf6 3. c4 dxc4 4. e3 a6 5. Bxc4 b5 6. Bb3 Bb7 7. O-O e6 8. a3
Nbd7 9. Nc3 c5 10. d5 exd5 11. Nxd5 Nxd5 12. Bxd5 Qc8 13. Bxb7 Qxb7 14. Bd2 Be7
15. Bc3 O-O 16. Rc1 c4 1/2-1/2

[Event "Guernsey Open 2011"]
[Site "Guernsey, Channel Islands"]
[Date "2011.10.22"]
[Round "7"]
[White "Ippel, Cornelius J"]
[Black "Hauptmann, Thomas"]
[Result "1-0"]
[WhiteElo "1969"]
[BlackElo "2018"]
[PlyCount "67"]
[EventDate "2011.10.16"]
[SourceDate "2011.11.07"]

1. Nc3 d5 2. e4 dxe4 3. Nxe4 Nf6 4. Ng3 e5 5. Bc4 Bd6 6. c3 O-O 7. d3 Nc6 8. a3
Re8 9. Be3 Ng4 10. Nf3 Nxe3 11. fxe3 Be6 12. Bxe6 Rxe6 13. Ne4 h6 14. O-O Be7
15. Qe2 Qd7 16. Rad1 f5 17. Ng3 Rf8 18. Kh1 Kh8 19. Nd2 Rg6 20. Nf3 a6 21. e4
f4 22. Nf5 Bf6 23. d4 Qe8 24. d5 Ne7 25. d6 cxd6 26. Rxd6 h5 27. Rfd1 Nxf5 28.
exf5 Rh6 29. Re6 Qc8 30. Nxe5 Kg8 31. Ng6 Rxg6 32. fxg6 Qc5 33. Re8 Qg5 34.
Qe6+ 1-0

[Event "Guernsey Open 2011"]
[Site "Guernsey, Channel Islands"]
[Date "2011.10.22"]
[Round "7"]
[White "Campbell, Eoin"]
[Black "Rowe, Peter"]
[Result "0-1"]
[WhiteElo "1885"]
[BlackElo "1999"]
[PlyCount "88"]
[EventDate "2011.10.16"]
[SourceDate "2011.11.07"]

1. Nf3 b6 2. g3 Bb7 3. Bg2 f5 4. O-O Nf6 5. c4 g6 6. Nc3 Bg7 7. d3 O-O 8. Bd2
c5 9. Qc1 d6 10. Bh6 Qd7 11. Bxg7 Kxg7 12. e4 Nc6 13. exf5 Qxf5 14. Ng5 h6 15.
Nge4 Ng4 16. f4 Nf6 17. Qd2 Rad8 18. Rae1 Ba8 19. h3 Qd7 20. g4 Nd4 21. g5 hxg5
22. Nxg5 Bxg2 23. Qxg2 e6 24. Nb5 Rde8 25. Nxd4 cxd4 26. Qe2 e5 27. fxe5 Rxe5
28. Qg2 Rfe8 29. Rxe5 Rxe5 30. h4 Re3 31. h5 Nxh5 32. Rf7+ Qxf7 33. Nxf7 Rg3
34. Qxg3 Nxg3 35. Nxd6 Ne2+ 36. Kf1 Nf4 37. Nb5 Nxd3 38. b3 Nc1 39. Nxd4 Nxa2
40. c5 bxc5 41. Ne6+ Kf6 42. Nxc5 Kf5 43. Nd3 Ke4 44. Nb2 Nc1 0-1

[Event "Guernsey Open 2011"]
[Site "Guernsey, Channel Islands"]
[Date "2011.10.22"]
[Round "7"]
[White "Downey, Keith"]
[Black "De Graaf, Arnoud"]
[Result "0-1"]
[WhiteElo "1987"]
[BlackElo "1860"]
[PlyCount "78"]
[EventDate "2011.10.16"]
[SourceDate "2011.11.07"]

1. Nf3 Nf6 2. c4 d6 3. d4 c6 4. g3 g6 5. Bg2 Bg7 6. Nc3 O-O 7. O-O Nbd7 8. e4
e5 9. h3 Qe7 10. Re1 Re8 11. Be3 Nf8 12. Qd2 Nh5 13. Rad1 b6 14. Bh6 Ba6 15.
Bxg7 Kxg7 16. b3 Rad8 17. Qc2 Bc8 18. Qb2 Qf6 19. Kh2 g5 20. dxe5 dxe5 21. Qe2
Ne6 22. Ng1 Qh6 23. Rxd8 Rxd8 24. Rd1 Nd4 25. Qe3 Nf6 26. f3 Qh5 27. Rf1 g4 28.
h4 gxf3 29. Bxf3 Nxf3+ 30. Qxf3 Rd2+ 31. Kh1 Ng4 32. Nce2 Qg6 33. Nh3 h6 34.
Nhg1 f6 35. a4 Qf7 36. Qc3 Qd7 37. Qb4 c5 38. Qb5 Qe7 39. Qc6 Bb7 0-1

[Event "Guernsey Open 2011"]
[Site "Guernsey, Channel Islands"]
[Date "2011.10.22"]
[Round "7"]
[White "Knight, Tim R"]
[Black "Bakker, Joop PA"]
[Result "0-1"]
[WhiteElo "1744"]
[BlackElo "1986"]
[PlyCount "66"]
[EventDate "2011.10.16"]
[SourceDate "2011.11.07"]

1. e4 d5 2. exd5 Qxd5 3. Nc3 Qa5 4. d4 Nf6 5. Nf3 Bg4 6. h3 Bxf3 7. Qxf3 c6 8.
Bd2 Nbd7 9. Bc4 Qc7 10. O-O e6 11. Bf4 Bd6 12. Bxd6 Qxd6 13. Rad1 O-O-O 14. Ne4
Nxe4 15. Qxe4 Nf6 16. Qe5 Qxe5 17. dxe5 Ne4 18. Rfe1 Nc5 19. Kf1 {(=)} Na4 20.
Bb3 Nc5 21. Ke2 Kc7 22. Rxd8 Rxd8 23. Rd1 Rxd1 24. Kxd1 Nxb3 25. axb3 Kb6 26.
Ke2 Kc5 27. Ke3 Kd5 28. f4 b5 29. Kd3 a5 30. Ke3 h6 31. g4 g5 32. c3 a4 33. b4
Kc4 0-1

[Event "Guernsey Open 2011"]
[Site "Guernsey, Channel Islands"]
[Date "2011.10.22"]
[Round "7"]
[White "Van Hoek, Wim"]
[Black "Dennis, Nigel"]
[Result "0-1"]
[WhiteElo "1936"]
[BlackElo "1932"]
[PlyCount "74"]
[EventDate "2011.10.16"]
[SourceDate "2011.11.07"]

1. e4 c5 2. Nf3 d6 3. c3 g6 4. d4 cxd4 5. cxd4 Bg7 6. Nc3 Nc6 7. Be3 Nf6 8. h3
O-O 9. Qd2 a6 10. Rc1 Qa5 11. Bd3 Bd7 12. O-O b5 13. e5 b4 14. exf6 bxc3 15.
bxc3 Bxf6 16. Rb1 Rfb8 17. Rxb8+ Rxb8 18. Rb1 Rxb1+ 19. Bxb1 Be6 20. Qb2 Qb5
21. Qxb5 axb5 22. Be4 Na5 23. d5 Bc8 24. Bd4 Kg7 25. Bxf6+ Kxf6 26. Nd4 Ke5 27.
Bf3 Bb7 28. Nc6+ Nxc6 29. dxc6 Ba6 30. Be2 Kd5 31. c7 Kc6 32. a4 Kxc7 33. axb5
Bc8 34. f3 d5 35. Kf2 Kb6 36. Ke3 Bd7 37. Kd4 e6 0-1

[Event "Guernsey Open 2011"]
[Site "Guernsey, Channel Islands"]
[Date "2011.10.22"]
[Round "7"]
[White "Kirk, Matthew"]
[Black "Murray, Steve"]
[Result "0-1"]
[WhiteElo "1727"]
[BlackElo "1885"]
[PlyCount "102"]
[EventDate "2011.10.16"]
[SourceDate "2011.11.07"]

1. d4 Nf6 2. c4 e6 3. Nf3 d5 4. Bg5 Be7 5. e3 h6 6. Bxf6 Bxf6 7. Nc3 O-O 8. Bd3
c6 9. O-O Nd7 10. cxd5 exd5 11. Qc2 Re8 12. Rac1 Nf8 13. h3 Be6 14. b4 Rc8 15.
Ne2 Qe7 16. a3 Nd7 17. Ng3 Nb6 18. Bf5 {(=)} Nc4 19. Bxe6 Qxe6 20. Ra1 b5 21.
a4 a6 22. axb5 axb5 23. Ra6 Ra8 24. Rfa1 Rxa6 25. Rxa6 Rc8 26. Ne1 Bxd4 27. Qf5
Qxf5 28. Nxf5 Bf6 29. Nd3 {(=)} Kh7 30. Nd4 Bxd4 31. exd4 f6 32. Nc5 Nd6 33.
Ra7 Nf5 34. Ne6 Re8 35. g4 Rxe6 36. gxf5 Re4 37. Rc7 Rxd4 38. Rxc6 Rxb4 39. Kf1
d4 40. Rd6 Rc4 41. Ke2 Rc5 42. Rxd4 Rxf5 43. h4 Kg6 44. Rg4+ Kf7 45. Ke3 Re5+
46. Kd3 g5 47. hxg5 hxg5 48. f4 gxf4 49. Rxf4 Ke6 50. Kc3 f5 51. Kb4 Re4+ 0-1

[Event "Guernsey Open 2011"]
[Site "Guernsey, Channel Islands"]
[Date "2011.10.22"]
[Round "7"]
[White "Bakkes, Frits"]
[Black "Cummins, John"]
[Result "1-0"]
[WhiteElo "1605"]
[BlackElo "1862"]
[PlyCount "55"]
[EventDate "2011.10.16"]
[SourceDate "2011.11.07"]

1. e4 c5 2. Nf3 d6 3. d4 Nf6 4. dxc5 Nxe4 5. cxd6 Qa5+ 6. c3 Nxd6 7. Nbd2 e6 8.
Nb3 Qd8 9. Be2 Be7 10. O-O O-O 11. Qc2 Nd7 12. Rd1 a6 13. Bf4 Ne8 14. Rd2 Nef6
15. Rad1 Nd5 16. Bg3 Qb6 17. a3 Rd8 18. c4 N5f6 19. c5 Qa7 20. Ne5 Nd5 21. c6
Nxe5 22. c7 Rd7 23. Bxe5 Bd6 24. Qe4 Bxc7 25. Bxc7 Rxc7 26. Rxd5 g6 27. Rd8+
Kg7 28. Qe5+ 1-0

[Event "Guernsey Open 2011"]
[Site "Guernsey, Channel Islands"]
[Date "2011.10.22"]
[Round "7"]
[White "Glover, John"]
[Black "Reutimann, Hans Peter"]
[Result "1/2-1/2"]
[WhiteElo "1857"]
[BlackElo "1791"]
[PlyCount "85"]
[EventDate "2011.10.16"]
[SourceDate "2011.11.07"]

1. Nf3 d5 2. c4 e6 3. g3 Nf6 4. b3 Be7 5. Bb2 c6 6. Bg2 Nbd7 7. O-O O-O 8. d4
Ne4 9. Nc3 f5 10. e3 Ndf6 11. Ne5 Nd7 12. Nd3 Bg5 13. Ne2 Qe8 14. Rc1 Ndf6 15.
Ba3 Qh5 16. Nef4 Qxd1 17. Rfxd1 Rd8 18. Ne5 Bxf4 19. gxf4 Nd6 20. Bxd6 Rxd6 21.
c5 Rd8 22. b4 Bd7 23. a4 Be8 24. Rd2 a6 25. Rb2 Nd7 26. Bf1 Nxe5 27. fxe5 g5
28. b5 axb5 29. axb5 cxb5 30. Bxb5 Bxb5 31. Rxb5 Ra7 {(=)} 32. Rcb1 Rd7 33. Rb6
Re7 34. Kg2 h5 35. c6 bxc6 36. Rxc6 g4 37. Rb8+ Kh7 38. Rcc8 Kg6 39. Rh8 Rh7
40. Rxh7 Rxh7 41. Rf8 Kg7 42. Rc8 Rh6 43. Rc7+ 1/2-1/2

[Event "Guernsey Open 2011"]
[Site "Guernsey, Channel Islands"]
[Date "2011.10.22"]
[Round "7"]
[White "Nicholson, John"]
[Black "Bridel, Jon"]
[Result "1/2-1/2"]
[WhiteElo "1836"]
[BlackElo "1775"]
[PlyCount "61"]
[EventDate "2011.10.16"]
[SourceDate "2011.11.07"]

1. e4 b6 2. d4 Bb7 3. Nc3 e6 4. Nf3 Bb4 5. Bd3 Nf6 6. e5 Ne4 7. O-O Nxc3 8.
bxc3 Bxc3 9. Rb1 Bxf3 10. Qxf3 Nc6 11. Qg3 Bxd4 12. Bf4 g6 13. Rfe1 Qe7 14. h4
O-O-O 15. c3 Bxe5 16. Ba6+ Kb8 17. Bxe5 Nxe5 18. Rxe5 Qa3 19. Qd3 Qxa2 20. Bc4
Qa4 21. Bb3 Qc6 22. Rb5 d5 23. Ba4 Ka8 24. R5b4 Qb7 25. Bb5 c5 26. Ra4 Qc7 27.
Rba1 a5 28. Ba6 Rd6 29. Bb5 Rc8 30. Ba6 Rb8 31. Bb5 1/2-1/2